U.S. States that Start with M or N - Statistics

General Stats
  • This quiz has been taken 46 times
  • The average score is 15 of 16
Answer Stats
Answer % Correct
N New Mexico
100%
N New York
100%
N North Carolina
100%
M Mississippi
98%
M Montana
98%
M Maine
95%
N Nevada
95%
N New Jersey
95%
N North Dakota
95%
M Maryland
93%
M Massachusetts
91%
M Michigan
91%
M Minnesota
91%
M Missouri
91%
N Nebraska
91%
N New Hampshire
91%
No matching quizzes found
Score Distribution
Percent of People with Each Score
Percentile by Number Answered
Your Score History
You have not taken this quiz